Подробности
| 000 -МАРКЕР |
| контрольное поле |
01289nam0a22002651 4500 |
| 001 - ИДЕНТИФИКАТОР ЗАПИСИ |
| контрольное поле |
rc\290284 |
| 005 - ИДЕНТИФИКАТОР ВЕРСИИ |
| контрольное поле |
20210428163209.0 |
| 035 ## - ДРУГИЕ СИСТЕМНЫЕ НОМЕРА |
| Идентификатор записи |
(NLR Aleph) 005521592 |
| 100 ## - ДАННЫЕ ОБЩЕЙ ОБРАБОТКИ |
| Данные общей обработки |
20030307d1990 u |0rusy50 ca |
| 101 0# - ЯЗЫК РЕСУРСА |
| Язык текста, звукозаписи и т.д. |
русский |
| 102 ## - СТРАНА ПУБЛИКАЦИИ ИЛИ ПРОИЗВОДСТВА |
| Страна публикации |
Российская Федерация |
| 105 ## - ПОЛЕ КОДИРОВАННЫХ ДАННЫХ: ТЕКСТОВЫЕ МАТЕРИАЛЫ, МОНОГРАФИЧЕСКИЕ |
| Кодированные данные о монографическом текстовом документе |
y ||||||||| |
| 200 1# - ЗАГЛАВИЕ И СВЕДЕНИЯ ОБ ОТВЕТСТВЕННОСТИ |
| Основное заглавие |
Биологический азот |
| Сведения, относящиеся к заглавию |
Тез. докл. первой всесоюз. науч. конф. СОИСАФ [7-8 февр. 1989 г.] |
| Первые сведения об ответственности |
Под ред. Г.С. Посыпанова |
| 210 ## - ПУБЛИКАЦИЯ, РАСПРОСТРАНЕНИЕ И ДР. |
| Место издания, распространения и т.д. |
Калуга |
| Имя издателя, распространителя и т. д. |
Б. и. |
| Дата издания, распространения и т.д. |
1990 |
| 215 ## - ФИЗИЧЕСКАЯ ХАРАКТЕРИСТИКА |
| Специфическое обозначение материала и объем |
101, [1] с. |
| Размеры |
21 |
| 300 ## - ОБЩИЕ ПРИМЕЧАНИЯ |
| Текст примечания |
В надзаг.: Гос. комис. Совета Министров СССР по продовольствию и закупкам, Моск. с.-х. акад. им. К.А. Тимирязева, Калуж. фил. |
| 702 #1 - ИМЯ ЛИЦА - ВТОРИЧНАЯ ОТВЕТСТВЕННОСТЬ |
| Начальный элемент ввода |
Посыпанов |
| Часть имени, кроме начального элемента ввода |
Г. С. |
| Расширение инициалов личного имени |
Георгий Сергеевич |
| Код отношения |
Редактор |
| 711 02 - НАИМЕНОВАНИЕ ОРГАНИЗАЦИИ - АЛЬТЕРНАТИВНАЯ ОТВЕТСТВЕННОСТЬ |
| Начальный элемент ввода |
Свободное объединение исследователей симбиотической азотфиксации |
| Идентифицирующий признак |
Москва |
| Структурное подразделение |
Всесоюзная научная конференция |
| Порядковый номер временной организации и / или порядковый номер ее части |
1 |
| Дата проведения временной организации |
1989 |
| Место проведения временной организации |
Калуга |
| Идентификатор авторитетной/нормативной записи |
RU\NLR\AUTH\8810003190 |
| 801 #0 - ИСТОЧНИК ЗАПИСИ |
| Страна |
Российская Федерация |
| Организация |
NLR |
| Правила каталогизации |
psbo |
| 801 #1 - ИСТОЧНИК ЗАПИСИ |
| Страна |
Российская Федерация |
| Организация |
ELAR |
| Источник данных |
rusmarc |
| 852 ## - МЕСТОНАХОЖДЕНИЕ И ШИФР ХРАНЕНИЯ |
| Идентификатор организации |
NLR |
| Шифр хранения (Call Number) |
90-5/3668 |
| 942 ## - ДОПОЛНИТЕЛЬНЫЕ ЭЛЕМЕНТЫ ЗАПИСИ (АБИС) |
| Тип экземпляра АБИС |
Книга |
| 980 ## - КОЛЛЕКЦИЯ |
| Название коллекции |
Национальная библиография |